000 nam a22 7a 4500
999 _c49202
_d49202
003 OSt
005 20191010104325.0
008 191010b xxu||||| |||| 00| 0 eng d
040 _csero soft
100 _aSCC
245 _aSupremeCourt Cases
942 _2ddc
_c04